| 000 | 00782nam a2200289Ia 4500 | ||
|---|---|---|---|
| 001 | 23566 | ||
| 003 | IT-RoPAU | ||
| 008 | 130308s9999 xx 000 0 und d | ||
| 040 | _aIT-RoPAU | ||
| 040 | _cIT-RoPAU | ||
| 041 | _aITALIANO | ||
| 100 | _aRuggieri Marcello | ||
| 100 | _gCodice Aut. SPICS: 7259 | ||
| 245 | _aOfferta e consumo di musica nel 1981: la crisi è dietro l'angolo | ||
| 245 | _bAnnuario Musicale Italiano 1982/83 | ||
| 250 | _a1a ed. | ||
| 260 | _aROMA | ||
| 260 | _bCidim | ||
| 260 | _c1983 [1° Ed.:1981 - Ed.Ling.Originale:1981] | ||
| 300 | _a"1 p. (prefazione: no ; testo: 1 [pagine: 227-227])" | ||
| 650 | _aENCICLOPEDIE DI MUSICA | ||
| 650 | _eCodice materia Spics: 7001 | ||
| 942 | _cBK | ||
| 957 | _71 | ||
| 999 |
_c58322 _d58322 |
||
| 999 | _bSI | ||
| 999 | _g1 | ||